Spanish 5000 #9 - Nouns (Masculine, Cognates, Easy) - Statistics

General Stats
  • This quiz has been taken 71 times
  • The average score is 128 of 197
Answer Stats
English Spanish % Correct
April abril
100%
airport aeropuerto
96%
animal animal
96%
auto, car auto
96%
coffee, cafe café
96%
alcohol alcohol
92%
art, skill arte
92%
bus autobús
92%
actor actor
88%
adult, grown-up adulto
88%
August agosto
88%
(snack) bar, café bar
88%
Sunday domingo
88%
May mayo
88%
moment, time momento
88%
acid ácido
83%
angel ángel
83%
cable, wiring cable
83%
December diciembre
83%
dollar dólar
83%
drama drama
83%
error, mistake error
83%
February febrero
83%
festival festival
83%
message mensaje
83%
metal metal
83%
minute minuto
83%
(financial) bank, bench banco
79%
car, cart carro
79%
castle castillo
79%
chocolate chocolate
79%
club, society club
79%
color color
79%
example ejemplo
79%
stomach estómago
79%
euro euro
79%
horror, atrocity horror
79%
hospital hospital
79%
Internet Internet
79%
July julio
79%
June junio
79%
lake lago
79%
lion león
79%
handle, mango mango
79%
market mercado
79%
mineral, ore mineral
79%
north norte
79%
October octubre
79%
west oeste
79%
plastic plástico
79%
control control
75%
price, cost, expense costo
75%
space, room espacio
75%
husband, spouse esposo
75%
factor, cause, influence factor
75%
favor, benefit favor
75%
film, movie film
75%
future futuro
75%
cat gato
75%
general general
75%
honor, honesty honor
75%
hotel hotel
75%
insect insecto
75%
garden jardín
75%
map mapa
75%
March marzo
75%
material, element material
75%
menu menú
75%
meter, subway metro
75%
museum museo
75%
November noviembre
75%
number número
75%
piano piano
75%
plan plan
75%
plate, dish plato
75%
problem problema
75%
sex sexo
75%
silence silencio
75%
taxi, cab taxi
75%
tea
75%
phone, telephone teléfono
75%
text texto
75%
(sum) total total
75%
accent, stress acento
71%
dictionary diccionario
71%
study, learning estudio
71%
group grupo
71%
juice jugo
71%
kilogram kilo
71%
lemon, lime limón
71%
ocean océano
71%
park parque
71%
September septiembre
71%
theater, drama teatro
71%
tiger tigre
71%
tomato tomate
71%
air, wind, appearance aire
67%
cement, concrete cemento
67%
circle, club círculo
67%
style estilo
67%
soccer, football (international) fútbol
67%
gas gas
67%
degree, grade grado
67%
interior, inside interior
67%
liquid líquido
67%
corn, maize maíz
67%
manual, handbook manual
67%
dad papá
67%
paper, role, part papel
67%
price, cost, value precio
67%
present presente
67%
restaurant restaurante
67%
Saturday sábado
67%
secret secreto
67%
second segundo
67%
sofa, couch sofá
67%
hat, sombrero sombrero
67%
south sur
67%
tennis tenis
67%
terror, horror terror
67%
verb verbo
67%
video vídeo
67%
wine vino
67%
volcano volcán
67%
case, occasion caso
63%
center, middle, downtown centro
63%
collar, necklace collar
63%
debate debate
63%
detail detalle
63%
goal gol
63%
kilometer kilómetro
63%
origin, cause origen
63%
autumn otoño
63%
pants, trousers pantalón
63%
peso (money), weight, load peso
63%
symbol símbolo
63%
type, kind tipo
63%
train, convoy tren
63%
centimeter centímetro
58%
desire, wish deseo
58%
state, condition, status estado
58%
muscle músculo
58%
record récord
58%
triangle triángulo
58%
violin violín
58%
virus virus
58%
cycle ciclo
54%
employee empleado
54%
liter litro
54%
engine, motor motor
54%
semester semestre
54%
theme, subject, topic tema
54%
terminal, final terminal
54%
automobile automóvil
50%
block bloque
50%
desert desierto
50%
grain, kernel grano
50%
hero héroe
50%
perfume perfume
50%
people, village pueblo
50%
point, dot, period punto
50%
respect, regard respeto
50%
rumor, murmur rumor
50%
saint (m) santo
50%
sound sonido
50%
value, worth valor
50%
vapor, steam vapor
50%
vehicle, car vehículo
50%
vote voto
50%
mouse, rat ratón
46%
romance romance
46%
button botón
42%
object, thing objeto
42%
prince príncipe
42%
sack, bag, plunder saco
42%
valley valle
42%
glass, crystal, window cristal
38%
focus foco
38%
step, pace paso
38%
risk riesgo
38%
volume volumen
38%
power poder
33%
software software
33%
term (language), end término
33%
(drinking) glass, vase vaso
33%
Christianity cristianismo
25%
monster, monstrosity monstruo
25%
sign, mark, symbol signo
25%
Internet, web web
25%
boat, container bote
21%
television set televisor
21%
trick, ruse truco
21%
turn, shift, en t. a: around turno
21%
cent centavo
17%
cost, price coste
17%
trunk, torso tronco
17%
skull, cranium cráneo
4%
No matching quizzes found
Score Distribution
Percent of People with Each Score
Percentile by Number Answered
Your Score History
You have not taken this quiz